00737cam a22002294a 450000500170000000800410001701000140005802000230007202000260009503500130012103700150013404000180014908200130016710000190018024500600019926000400025927000500029930000250034950000510037465000460042565000360047120080820115011.0080216s2008 ii b 001 0 eng  aENG-92086 a818988641Xc380.00 a9788189886417c380.00 aEN-75619 bDBAD / PUB adplbEnglish  a307.1412 aDharmaraj, S.  aGlobalisation and rural development /cby S. Dharmaraj  bAbhijeet Publicationsc2007aDelhi  a2/46, Tukhmeerpur Extension, bDelhi e110094 ax, 156p.c20cm (Hb)  aIncludes bibliographical references and index  aRural developmentxCross-cultural studies aGlobalizationxEconomic aspects